The pottery of ancient Egypt : dynasty 1 to Roman times /

محفوظ في:

المؤلف الرئيسي: Kelley, Allyn L., 1946- (مؤلف)

التنسيق: كتاب

اللغة: English

منشور في: Toronto : Royal Ontario Museum, 1976.

الموضوعات:

الوسوم: إضافة وسم

لا توجد وسوم, كن أول من يضع وسما على هذه التسجيلة!

رقم الطلب: DT62 .P72 K44 v.1-2

LEADER 01281namaa2200289 4500
001 24104
003 OSt
005 20220228074310.0
008 130303s1976 onc g b 001 0 eng d
952 |0 0  |1 0  |2 lcc  |3 V.1  |4 0  |6 DT0062 P72 K44 V.00001-00002  |7 1  |9 38010  |a ARCE  |b ARCE  |d 2022-02-28  |l 0  |o DT62 .P72 K44 v.1-2  |p 1002220  |r 2022-02-28 00:00:00  |w 2022-02-28  |y BK 
952 |0 0  |1 0  |2 lcc  |3 V.2/1  |4 0  |6 DT0062 P72 K44 V.00001-00002  |7 1  |9 59088  |a ARCE  |b ARCE  |d 2024-01-09  |l 0  |o DT62 .P72 K44 v.1-2  |p 1002221  |r 2024-01-09 00:00:00  |w 2024-01-09  |y BK 
952 |0 0  |1 0  |2 lcc  |3 V.2/2  |4 0  |6 DT0062 P72 K44 V.00001-00002  |7 1  |9 59089  |a ARCE  |b ARCE  |d 2024-01-09  |l 0  |o DT62 .P72 K44 v.1-2  |p 1002222  |r 2024-01-09 00:00:00  |w 2024-01-09  |y BK 
999 |c 21005  |d 21005 
010 |a 77360554 
040 |c ARCE Library 
043 |a f-ua--- 
050 4 |a DT62 .P72 K44 v.1-2 
100 1 |a Kelley, Allyn L.,   |d 1946-   |e author 
245 1 4 |a The pottery of ancient Egypt :   |b dynasty 1 to Roman times /   |c Allyn L. Kelley. 
264 1 |a Toronto :   |b Royal Ontario Museum,   |c 1976. 
300 |a 2 v. in 3 :   |b ill. ;   |c 29 cm. 
504 |a Includes bibliographical references and index. 
505 0 |a •v. [1] Text •v. [2] Plates. 2 v.  
650 0 |a Pottery  |z Egypt. 
651 0 |a Egypt  |x Antiquities. 
901 |a reviewed 
942 |c BK  |2 lcc